[Event "ROM-ch U10"]
[Site "Calimanesti Caciulata"]
[Date "2019.04.21"]
[Round "8"]
[White "Somodi, Vlad Alexandru"]
[Black "Pislaru, Victor"]
[Result "1/2-1/2"]
[WhiteElo "1029"]
[BlackElo "1079"]
[PlyCount "51"]
[EventDate "2019.04.15"]
[EventType "swiss"]
[EventRounds "9"]
[EventCountry "ROU"]
[SourceTitle "CBM 190 Extra"]
[Source "ChessBase"]
[SourceDate "2019.07.15"]
[SourceVersion "1"]
[SourceVersionDate "2019.07.15"]
[SourceQuality "1"]

1. d4 Nf6 2. Nf3 e6 3. Nbd2 Be7 4. e4 d5 5. Bd3 0-0 6. c3 b6 7. 0-0 Bb7 8. Re1 c5 9. Nf1 dxe4 10. Be2 exf3 11. Bxf3 Bxf3 12. Qxf3 Qd5 13. Qxd5 Nxd5 14. Re4 cxd4 15. cxd4 Bf6 16. Rg4 Nc6 17. Be3 Rfd8 18. Rc1 Rac8 19. Ng3 Be7 20. Bh6 g6 21. Nh5 Bf8 22. Bg5 gxh5 23. Rg3 Rd7 24. Bf6+ Bg7 25. Rxg7+ Kf8 26. Be5 1/2-1/2

[Event "ROM-ch U10"]
[Site "Calimanesti Caciulata"]
[Date "2019.04.16"]
[Round "2"]
[White "Somodi, Vlad Alexandru"]
[Black "Harabor, David Alexandru"]
[Result "0-1"]
[WhiteElo "1029"]
[BlackElo "1143"]
[PlyCount "100"]
[EventDate "2019.04.15"]
[EventType "swiss"]
[EventRounds "9"]
[EventCountry "ROU"]
[SourceTitle "CBM 190 Extra"]
[Source "ChessBase"]
[SourceDate "2019.07.15"]
[SourceVersion "1"]
[SourceVersionDate "2019.07.15"]
[SourceQuality "1"]

1. d4 d5 2. Nf3 Nf6 3. e3 e6 4. Bd3 Bd6 5. Nbd2 Nbd7 6. 0-0 0-0 7. Re1 Re8 8. e4 dxe4 9. Nxe4 b6 10. Nxd6 cxd6 11. Be4 Nxe4 12. Rxe4 Bb7 13. Re1 h6 14. Bf4 d5 15. Ne5 Nxe5 16. Rxe5 Qf6 17. Bd2 Rac8 18. c3 Qg6 19. Qe1 Rc7 20. Bf4 Qf6 21. Bg3 Rce7 22. f3 Qg6 23. h4 f6 24. h5 Qf7 25. Re3 Qxh5 26. Bd6 Rd7 27. Rxe6 Rxe6 28. Qxe6+ Qf7 29. Qxf7+ Kxf7 30. Ba3 Ke6 31. Re1+ Kf5 32. Re7 Rxe7 33. Bxe7 g5 34. g4+ Kf4 35. Kf2 f5 36. Bf8 fxg4 37. fxg4 Kxg4 38. Bxh6 Ba6 39. Bg7 Bd3 40. Be5 Kf5 41. Kg3 g4 42. Bb8 a6 43. Bc7 b5 44. Bf4 Be2 45. Be5 Ke4 46. Kf2 Bf3 47. Ke1 Kd3 48. Bf4 Kc2 49. Bg5 Kxb2 50. Kd2 Kxa2 0-1